|
|
|
|
| LEADER |
00000nta a2200000 i 4500 |
| 001 |
dolg3088 |
| 005 |
20161121100229.0 |
| 008 |
161121suuuu hu o 000 hun d |
| 040 |
|
|
|a BGE Dolgozattár Repozitórium
|b hun
|
| 041 |
|
|
|a hu
|
| 100 |
1 |
|
|a Ábrahám Lilla
|
| 245 |
1 |
0 |
|a Cargill Magyarország Zrt. - Egy vállalat bemutatása
|c Ábrahám Lilla
|h [elektronikus dokumentum]
|
| 246 |
1 |
1 |
|a Cargill Magyarország Zrt. - Egy vállalat bemutatása
|
| 246 |
1 |
1 |
|a -
|
| 516 |
|
|
|a Final_paper
|
| 520 |
3 |
|
|a -
|
| 695 |
|
|
|a Vállalkozás
|
| 695 |
|
|
|a Cargill Magyarország Zrt.
|
| 700 |
1 |
|
|a Hrabovszki Zsuzsa
|e ths
|
| 856 |
4 |
0 |
|u http://dolgozattar.uni-bge.hu/3088/1/%C3%81brah%C3%A1m%20Lilla%20z%C3%A1r%C3%B3dolgozat2.pdf
|z Dokumentum-elérés
|